000 00537nam#a22002175a#4500
001 814
008 090325s2008####ag#a###g#f####001#0dspa#d
245 1 0 _aA B C y X Y Z de la apicultura /
_cAmos I. Root.
250 _a1ยช ed.
260 _aBuenos Aires :
_bHemisferio Sur,
_c2008.
300 _a740 p. :
_bil. ;
_c23 cm.
020 _a9789505043729
100 1 _aRoot, Amos I.
080 _a638.11
084 _aM63
653 _aApicultura
040 _aAR-ClEAG
_cAR-ClEAG
005 20241107184648.0
003 AR-ClEAG
942 _cBK
999 _c814
_d814
980 _62
_aEvangelina Gallicchio
_82
_gEvangelina Gallicchio